<?xml version="1.0" encoding="UTF-8"?>
<record
    xmlns:xsi="http://www.w3.org/2001/XMLSchema-instance"
    xsi:schemaLocation="http://www.loc.gov/MARC21/slim http://www.loc.gov/standards/marcxml/schema/MARC21slim.xsd"
    xmlns="http://www.loc.gov/MARC21/slim">

  <leader>00366nam a2200133   4500</leader>
  <datafield tag="082" ind1="0" ind2=" ">
    <subfield code="a">402.1</subfield>
  </datafield>
  <datafield tag="100" ind1="1" ind2=" ">
    <subfield code="a">Shell, Olive</subfield>
  </datafield>
  <datafield tag="242" ind1="0" ind2="0">
    <subfield code="a"> Look, think, do! :</subfield>
    <subfield code="b"> Reading: preparatory phase</subfield>
  </datafield>
  <datafield tag="245" ind1="1" ind2="0">
    <subfield code="a">Observer, r&#xE9;fl&#xE9;chir, agir! :</subfield>
    <subfield code="b">La lecture: phase pr&#xE9;paratoire</subfield>
    <subfield code="c">Dr. Olive Shell</subfield>
  </datafield>
  <datafield tag="260" ind1=" " ind2=" ">
    <subfield code="c">c.1982</subfield>
  </datafield>
  <datafield tag="300" ind1=" " ind2=" ">
    <subfield code="a">43 p.</subfield>
  </datafield>
  <datafield tag="700" ind1="1" ind2=" ">
    <subfield code="a">Shell, Olive</subfield>
  </datafield>
  <datafield tag="942" ind1=" " ind2=" ">
    <subfield code="2">ddc</subfield>
    <subfield code="c">BK</subfield>
  </datafield>
  <datafield tag="999" ind1=" " ind2=" ">
    <subfield code="c">64365</subfield>
    <subfield code="d">64339</subfield>
  </datafield>
</record>
